แสดงรายละเอียดบรรณานุกรม
  กลับหน้าหลัก

Brief Record : Get Marc (ISO 2709) : E-mail record : QR code ปิดหน้าต่าง
E-books : เกี่ยวกับ Collections
LEADER 00000nam 2200000uu 4500
001    212746
003     ULIBM
008    020711s2560 th a 000 0 tha d
041    ^atha
050  4 HV5770.T5 ค695 2560
245    คู่มือเกณฑ์มาตรฐานพัฒนาสถาบันอุดมศึกษาปลอดบุหรี่ เพื่อสุขภาวะ/^cโครงการพัฒนาสถาบันอุดมศึกษาปลอดบุหรี่เพื่อสุขภาวะ เครือข่ายวิชาชีพสุขภาพเพื่อสังคมไทยปลอดบุหรี่ สำนักงานกองทุนสนับสนุนการสร้างเสริมสุขภาพ (สสส.)
260    กรุงเทพฯ :^bเครือข่ายวิชาชีพสุาพเพื่อสังคมไทยปลอดบุหรี่ ,^c2560
300    54 หน้า :^bภาพประกอบ ;^c21 ซม.
650  4 การเลิกบุหรี่^zไทย
650  4 ^aการสูบบุหรี่^xการป้องกันและควบคุม
650  4 ^aสถาบันอุดมศึกษา^xการสูบบุหรี่^xการป้องกันและควบคุม
710 2  ^aเครือข่ายวิชาชีพสุาพเพื่อสังคมไทยปลอดบุหรี่
710 2  ^aสำนักงานกองทุนสนับสนุนการสร้างเสริมสุขภาพ (สสส.)
999    ^aใช้งานได้ทุกระบบ
รายการนี้ยังไม่มีแท็ก
คุณยังไม่ได้ล็อกอิน คุณสามารถมีกิจกรรมร่วมกับเว็บไซต์ได้ แต่ต้องล็อกอินก่อน ::
  ล็อกอิน
ลำดับที่ ประเภท เลขเรียก สถานที่ สถานะ
1. หนังสือทั่วไป
หนังสือทั่วไป
HV5770.T5 ค695 2560  
  
หนังสือทั่วไป On Shelf
  ขอยืม
   [แสดง 1/1 รายการ]

รายการใกล้เคียง
    หัวเรื่อง [การเลิกบุหรี่ ไทย]

BibComment


ยังไม่เคยถูกคอมเมนท์

คอมเมนท์ทรัพยากรรายการนี้
  คอมเมนท์: คู่มือเกณฑ์มาตรฐา..
Bib 212746

 
 
 

 Union Library Management : ULibM
Copyright 2026. All Rights Reserved.
скачать бесплатно без регистрации порно красивый секс HD Sex Hindi sex

xxx gou

xxxx

bfxxx

xxxwww

Секса Видео

xxxx

Секса Видео

detube

geilexxx

C99 Shell

worms shell

blod xxx video
Ebony Coed Rihanna Rimes Takes A Dick In Her Young Twat priyaa indian fuck anal and pusssy hardcore indian women xxx desi hardcore fucking part 1 bengalixxxcouple